累計再生数1500万越えボカロP - Statistics

General Stats
  • This quiz has been taken 498 times
    412 since last reset
  • The average score is 25 of 67
Answer Stats
累計再生数 投稿動画数(現存) 作り手名 % Correct
152,840,712 80 DECO*27
92%
83,740,989 20 ハチ
84%
92,359,785 123 ピノキオピー
76%
63,452,420 15 wowaka
70%
60,962,711 36 かいりきベア
66%
58,460,981 31 Orangestar
62%
83,783,151 37 じん
61%
32,364,764 12 kanaria
61%
36,509,419 37 黒うさ
60%
43,371,801 84 みきとP
59%
33,007,617 39 いよわ
55%
51,599,018 113 cosMo@暴走P
54%
59,476,732 35 Neru
54%
53,849,672 28 ナユタン星人
53%
65,097,721 110 40mP
52%
47,030,369 12 ryo
52%
52,515,770 26 n-buna
51%
44,064,355 11 kemu
49%
33,670,560 34 須田景凪 バルーン
48%
28,820,211 25 すりぃ
48%
33,524,207 51 syudou
46%
48,839,182 119 れるりり
45%
21,255,293 9 Eve
45%
27,894,071 44 ぬゆり
44%
21,982,759 68 164
42%
52,230,764 42 MARETU
41%
22,604,326 47 八王子P
40%
32,240,553 44 sasakure.UK
39%
15,470,449 27 柊キライ
38%
15,269,128 11 ツミキ
37%
32,144,682 148 ガルナ@オワタP
37%
15,723,688 26 稲葉曇
36%
17,442,099 43 椎名もた
34%
18,101,112 71 てにをは
33%
51,557,169 51 ギガ
32%
25,845,832 49 和田たけあき
32%
21,887,169 33 ユリイ・カノン
31%
17,598,909 55 カンザキイオリ
31%
27,612,130 33 Omoi
31%
20,132,820 21 まふまふ
30%
21,655,756 31 shito/HoneyWorks
29%
17,757,287 57 ナナホシ管弦楽団 / 岩見陸
28%
18,913,950 49 ゆうゆ/仮乃スガタ
25%
20,739,644 14 doriko
25%
17,715,124 61 TOKOTOKO(西沢さんP)
25%
28,190,046 107 ふわふわシナモン
24%
28,775,355 28 GYARI(ココアシガレットP)
24%
19,203,605 5 ika
24%
37,172,232 65 mothy
23%
28,714,218 16 トーマ
22%
20,821,171 51 きくお
22%
20,509,235 249 名無し
22%
25,145,153 32 Mitchie M
22%
39,637,162 79 ひとしずくP
22%
21,684,282 43 とあ
21%
22,337,415 53 koyori(電ポルP)
21%
23,605,671 58 papiyon/蝶々P
21%
21,359,741 20 Last Note.
20%
21,783,387 52 samfree
20%
20,405,106 39 ジミーサムP / OneRoom
19%
23,259,811 51 梅とら
18%
18,979,216 75 家の裏でマンボウが死んでるP
18%
18,292,443 36 niki
16%
17,285,584 32 のぼる↑
15%
21,084,302 34 すこっぷ
14%
18,766,464 97 うたたP
14%
15,843,607 411 ほぼ日P
10%
No matching quizzes found
Score Distribution
Percent of People with Each Score
Percentile by Number Answered
Your Score History
You have not taken this quiz since the last reset